000 00309nam a2200109Ia 4500
008 171211s9999 xx 000 0 und d
245 _aLacandon Maya-Spanish-English Dictionary
245 _cCharles A Hofling
260 _c2014
650 _xCULTURE
856 _uhttp://down.ebook777.com/064/9781607813415.pdf
999 _c347777
_d347777